sons de l'album wings de Bts - Statistiques

Statistiques générales
  • Ce quiz a été pris 484 fois
  • Le résultat moyen est 10 sur 15
Statistiques - réponses
% Correct
2 blood sweat and tears
86%
15 wings
84%
3 begin
83%
4 lie
83%
5 stigma
78%
8 MAMA
77%
9 awake
72%
6 first love
71%
7 reflection
65%
1 boy meets evil
63%
14 2! 3!
53%
11 cypher
53%
10 lost
53%
13 21st century girl
52%
12 Am I wrong
50%
Aucun quiz correspondant
Distribution des résultats
% des personnes avec chaque résultat
Percentile par nombre de réponses
Votre historique - résultats
Vous n’avez pas pris ce quiz